00672nam a2200229 a 4500001001300000003000900013005001700022008004100039020001100080082001500091100001800106245006800124260003800192300000800230500003500238505001000273650001400283902000800297942000700305952011700312999001300429nice12345678IN_TiNIC20260116011350.0050524s1963 lona grp 000 0 eng  ac193200a232.3bBRU aBrunner, Emil aMediatorb Study of the Central Doctrine of the Christian Faith aLondon bLutterworth Press c1963 a623 aincludes index and biblioraphy2 aIndex aAtonement bSRS cBK 001040708StackRoom-aHMIbHMId2007-06-18g1932.00l0o232.3 BRUp02820r2007-06-18v1932.00w2005-05-24yBK c891d891